Taking responsibility (Record no. 76686)
[ view plain ]
| 000 -LEADER | |
|---|---|
| fixed length control field | 01102cab a2200205 4500 |
| 001 - CONTROL NUMBER | |
| control field | ##L132909 |
| 008 - FIXED-LENGTH DATA ELEMENTS--GENERAL INFORMATION | |
| fixed length control field | 060322n2006 000 0 eng u |
| 035 ## - SYSTEM CONTROL NUMBER | |
| System control number | (Sirsi) u132909 |
| 041 0# - LANGUAGE CODE | |
| Language code of text/sound track or separate title | eng |
| 100 1# - MAIN ENTRY--PERSONAL NAME | |
| Personal name | Taylor, Jessica |
| 245 00 - TITLE STATEMENT | |
| Title | Taking responsibility |
| 260 ## - PUBLICATION, DISTRIBUTION, ETC. | |
| Date of publication, distribution, etc. | 2006 |
| 490 #0 - SERIES STATEMENT | |
| Series statement | RICS Building Surveying Faculty The Journal |
| Volume/sequential designation | March / April 2006, 16(1) |
| 520 ## - SUMMARY, ETC. | |
| Summary, etc. | Second of a three-part series examining the changes to the JCT suite of contracts. This article discusses the JCT Design and Build Contract 2005 (DB05). As well as incorporating a number of amendments that were commonly made by practitioners to the previous form of contract, DB05 clarifies responsibility for design problems and issues surrounding payment applications and withholding notices. It also provides that the employer defines the site boundaries. |
| 590 ## - LOCAL NOTE (RLIN) | |
| Local note | IKA280306 |
| 650 24 - SUBJECT ADDED ENTRY--TOPICAL TERM | |
| Topical term or geographic name entry element | JCT DESIGN AND BUILD CONTRACT (2005 EDITION) |
| 651 #4 - SUBJECT ADDED ENTRY--GEOGRAPHIC NAME | |
| Geographic name | United Kingdom |
| Chronological subdivision | |
| 690 ## - LOCAL SUBJECT ADDED ENTRY--TOPICAL TERM (OCLC, RLIN) | |
| Topical term or geographic name as entry element | BUILT ENVIRONMENT-BUILDING CONTRACT FORMS-STANDARD FORMS OF BUILDING CONTRACT-JOINT CONTRACTS TRIBUNAL CONTRACTS |
| 942 ## - ADDED ENTRY ELEMENTS (KOHA) | |
| Suppress in OPAC | 0 |
| Withdrawn status | Lost status | Source of classification or shelving scheme | Damaged status | Not for loan | Home library | Current library | Shelving location | Date acquired | Total Checkouts | Full call number | Barcode | Date last seen | Copy number | Price effective from | Koha item type |
|---|---|---|---|---|---|---|---|---|---|---|---|---|---|---|---|
| Dewey Decimal Classification | London | London | Journal article | 22/03/2006 | L132909 | 132909-1001 | 06/08/2019 | 1 | 06/08/2019 | Journal article |